| 000 | 00801nac a22002291u 4500 | ||
|---|---|---|---|
| 010 | _a 93041513 | ||
| 082 | 0 | 0 |
_a305.409 _bTRA |
| 090 |
_c7608 _d7608 |
||
| 100 | _aTrager, James. | ||
| 245 | 1 | 4 |
_aThe women's chronology : _ba year-by-year record from prehistory to the present / _cJames Trager. |
| 250 | _a1st ed. | ||
| 260 |
_aNew York : _bH. Holt,c.1994. _cc.1994. |
||
| 300 |
_aix, 787 p. : _bill. ; _c25 cm. |
||
| 440 | 2 | _aA Henry Holt reference book | |
| 500 | _aIncludes index. | ||
| 500 | _aDistributer: Al-Ahram. | ||
| 511 | _aCatalogued By: Mahitab. | ||
| 650 | 0 |
_aWomen _xHistory _xChronology. |
|
| 650 | 0 | _aChronology, Historical. | |
| 942 |
_cBB _k305.409TRA |
||
| 999 |
_c7608 _d7608 |
||